| 000 | 01256nam a2200181 i 4500 | ||
|---|---|---|---|
| 001 | 768714001 | ||
| 003 | CO-MdFUSB | ||
| 005 | 20221125152814.0 | ||
| 008 | 220603t1984 ck |||| |||| 00| 0 spa d | ||
| 040 |
_bspa _cCO-MdFUSB _dCO-MdFUSB |
||
| 100 |
_aTurgueniev, Ivan Sergeievitch, _eautor |
||
| 245 |
_aMi primer amor _c/ Ivan Sergeievitch Turgueniev, |
||
| 300 |
_aVolumen 4, (1984) páginas 289 - 342 _c; 22 cm |
||
| 520 | _aNarrada bajo el esquema de una historia entre otra historia, con el recurso de la remembranza de episodios íntimos, sucedidos en un tiempo pasado y lejano, la novela El primer amor del escritor ruso Iván Turguéniev (1819-1883), publicada en 1860 y ahora el número setenta y ocho de Libro al viento, plantea uno de los más reconocidos convencimientos populares: que el primer amor nunca se olvida. Lugar común sentimental de corte romántico que, además de compartir una naturaleza semejante a la de los traumas imborrables, arrastra dichas, confusiones y desventuras compulsivas para quienes protagonizan, como principiantes, las emociones del mundo. | ||
| 653 | _aLiteratura Rusa | ||
| 773 | 0 |
_067924 _981130 _aOveja Negra, _o24693 _tMaestros de la literatura universal _w(CO-MdFUSB)768714001 _z8482806718 |
|
| 942 | _cBK | ||
| 999 |
_c67949 _d67949 |
||